00562nam a2200181 45000050016000000080041000160100013000570200022000700350013000920370015001050400018001200820008001382450052001462600042001982700073002403000021003136500046003342009092202482.0700624s1969 ii b 000 0 eng  aB-358132 a8178123363c30.00 aB-358132 bDBAD / PUB adplbEnglish  a921 aReader's delight biography of Jawaharlal Nehru  aNew Delhi bReader's Delight c(200?) a12-H, New Daryaganj Road, Opp. Traffic Kotwali, bNew Delhi e110002 a56p.c22cm(pbk)  aNehru, Jawaharlal d1889-1964xBiography